Hablar y vivir en América (Record no. 10872)
[ view plain ]
| 000 -CABECERA | |
|---|---|
| campo de control de longitud fija | 01892nam a22004937a 4500 |
| 001 - NÚMERO DE CONTROL | |
| campo de control | BRCA_9253 |
| 003 - IDENTIFICADOR DEL NÚMERO DE CONTROL | |
| campo de control | FranzMayer |
| 005 - FECHA Y HORA DE LA ÚLTIMA TRANSACCIÓN | |
| campo de control | 20231011110143.0 |
| 008 - DATOS DE LONGITUD FIJA--INFORMACIÓN GENERAL | |
| campo de control de longitud fija | 230714b |||||||| |||| 00| 0 eng d |
| 020 ## - NÚMERO INTERNACIONAL ESTÁNDAR DEL LIBRO | |
| Número Internacional Estándar del Libro | 9786073073820 |
| 040 ## - FUENTE DE LA CATALOGACIÓN | |
| Centro catalogador/agencia de origen | MFM |
| Lengua de catalogación | esp |
| Centro/agencia transcriptor | MFM |
| 041 ## - CÓDIGO DE LENGUA | |
| Código de lengua del texto/banda sonora o título independiente | esp |
| 050 #0 - SIGNATURA TOPOGRÁFICA DE LA BIBLIOTECA DEL CONGRESO | |
| Número de clasificación | PC4065 |
| Número de documento/Ítem | C65 2023 |
| 110 1# - ENTRADA PRINCIPAL--NOMBRE DE ENTIDAD CORPORATIVA | |
| Nombre de entidad corporativa o nombre de jurisdicción como elemento de entrada | Colegio Nacional |
| 9 (RLIN) | 28690 |
| 240 1# - TÍTULO UNIFORME | |
| Título uniforme | Hablar y vivir en América |
| Lenguaje de la obra | esp |
| 245 0# - MENCIÓN DE TÍTULO | |
| Título | Hablar y vivir en América |
| 260 ## - PUBLICACIÓN, DISTRIBUCIÓN, ETC. | |
| Lugar de publicación, distribución, etc. | CDMX, México |
| Nombre del editor, distribuidor, etc. | Colegio Nacional |
| Fecha de publicación, distribución, etc. | 2023 |
| 300 ## - DESCRIPCIÓN FÍSICA | |
| Extensión | 557 p |
| Otras características físicas | ilustraciones a color |
| Dimensiones | 26 cm |
| 500 ## - NOTA GENERAL | |
| Nota general | L60/N5 |
| 505 0# - NOTA DE CONTENIDO CON FORMATO | |
| Nota de contenido con formato | Destinado a: lingüistas, filólogos, investigadores, historiadoresTexto en: espIncluye índice (temático) |
| 610 1# - PUNTO DE ACCESO ADICIONAL DE MATERIA--NOMBRE DE ENTIDAD CORPORATIVA | |
| Nombre de entidad corporativa o nombre de jurisdicción como elemento de entrada | Colegio de México |
| 9 (RLIN) | 28691 |
| 650 1# - PUNTO DE ACCESO ADICIONAL DE MATERIA--TÉRMINO DE MATERIA | |
| Fuente del encabezamiento o término | Español |
| Término de materia o nombre geográfico como elemento de entrada | América |
| 9 (RLIN) | 28692 |
| Subdivisión de forma | Historia |
| 651 2# - PUNTO DE ACCESO ADICIONAL DE MATERIA--NOMBRE GEOGRÁFICO | |
| Fuente del encabezamiento o término | Lengua española |
| Nombre geográfico | Adquisición |
| 9 (RLIN) | 28836 |
| 700 1# - PUNTO DE ACCESO ADICIONAL--NOMBRE DE PERSONA | |
| Código de función/relación | Aut |
| Nombre de persona | Bertolotti, Virginia |
| 9 (RLIN) | 28693 |
| 700 1# - PUNTO DE ACCESO ADICIONAL--NOMBRE DE PERSONA | |
| Código de función/relación | Aut. |
| Nombre de persona | Beyer Ruiz, María Elena |
| 9 (RLIN) | 28694 |
| 700 1# - PUNTO DE ACCESO ADICIONAL--NOMBRE DE PERSONA | |
| Código de función/relación | Aut |
| Nombre de persona | Corbella, Dolores |
| 9 (RLIN) | 28695 |
| 700 1# - PUNTO DE ACCESO ADICIONAL--NOMBRE DE PERSONA | |
| Código de función/relación | Aut |
| Nombre de persona | Gil, Juan |
| 9 (RLIN) | 28696 |
| 700 1# - PUNTO DE ACCESO ADICIONAL--NOMBRE DE PERSONA | |
| Código de función/relación | Aut. |
| Nombre de persona | Gutiérrez Reyna, Jorge |
| 9 (RLIN) | 28697 |
| 700 1# - PUNTO DE ACCESO ADICIONAL--NOMBRE DE PERSONA | |
| Código de función/relación | Aut. |
| Nombre de persona | Hernández Triviño, Ascensión |
| 9 (RLIN) | 28698 |
| 700 1# - PUNTO DE ACCESO ADICIONAL--NOMBRE DE PERSONA | |
| Código de función/relación | Aut. |
| Nombre de persona | León Cázares, Maria del Carmen |
| 9 (RLIN) | 28699 |
| 700 1# - PUNTO DE ACCESO ADICIONAL--NOMBRE DE PERSONA | |
| Código de función/relación | Aut. |
| Nombre de persona | Ramírez Luengo, José Luis |
| 9 (RLIN) | 28700 |
| 700 1# - PUNTO DE ACCESO ADICIONAL--NOMBRE DE PERSONA | |
| Código de función/relación | Aut. |
| Nombre de persona | Rubial, Antonio. |
| 9 (RLIN) | 28701 |
| 700 1# - PUNTO DE ACCESO ADICIONAL--NOMBRE DE PERSONA | |
| Código de función/relación | Aut |
| Nombre de persona | Ruiz Tresgallo, Silvia |
| 9 (RLIN) | 28702 |
| 700 1# - PUNTO DE ACCESO ADICIONAL--NOMBRE DE PERSONA | |
| Código de función/relación | Aut. |
| Nombre de persona | Ruíz, Humberto Mario |
| 9 (RLIN) | 28703 |
| 700 1# - PUNTO DE ACCESO ADICIONAL--NOMBRE DE PERSONA | |
| Código de función/relación | Aut |
| Nombre de persona | Trejo Rivera, Flor |
| 9 (RLIN) | 28704 |
| 700 1# - PUNTO DE ACCESO ADICIONAL--NOMBRE DE PERSONA | |
| Código de función/relación | Dir. Ed. |
| Nombre de persona | Cruz Atienza, Alejandro |
| 9 (RLIN) | 28705 |
| 700 1# - PUNTO DE ACCESO ADICIONAL--NOMBRE DE PERSONA | |
| Código de función/relación | Coor. Ed |
| Nombre de persona | Ávila Urbina, Maria Elena |
| 9 (RLIN) | 28706 |
| 700 1# - PUNTO DE ACCESO ADICIONAL--NOMBRE DE PERSONA | |
| Código de función/relación | Coor. Prod |
| Nombre de persona | Guerrero Esperón, Alejandra |
| 9 (RLIN) | 28707 |
| 700 1# - PUNTO DE ACCESO ADICIONAL--NOMBRE DE PERSONA | |
| Código de función/relación | Corr. |
| Nombre de persona | Flores Monroy, Mariana |
| 9 (RLIN) | 28708 |
| 700 1# - PUNTO DE ACCESO ADICIONAL--NOMBRE DE PERSONA | |
| Código de función/relación | Corr. |
| Nombre de persona | Aguilar Santana, Daniela Ivette |
| 9 (RLIN) | 28709 |
| 700 1# - PUNTO DE ACCESO ADICIONAL--NOMBRE DE PERSONA | |
| Código de función/relación | Ico. |
| Nombre de persona | Nájera Plascencia, Selene |
| 9 (RLIN) | 28710 |
| 710 1# - PUNTO DE ACCESO ADICIONAL--NOMBRE DE ENTIDAD CORPORATIVA | |
| Nombre de entidad corporativa o nombre de jurisdicción como elemento de entrada | UNAM |
| Unidad subordinada | Instituto de investigaciones filológicas |
| 9 (RLIN) | 28711 |
| 942 ## - ELEMENTOS DE PUNTO DE ACCESO ADICIONAL (KOHA) | |
| Fuente del sistema de clasificación o colocación | Library of Congress Classification |
| Tipo de ítem Koha | Libros |
| Estado de retiro | Estado de pérdida | Fuente del sistema de clasificación o colocación | Estado dañado | No para préstamo | Código de colección | Localización permanente | Ubicación/localización actual | Fecha de adquisición | Fuente de adquisición | Total de préstamos | Signatura topográfica completa | Código de barras | Fecha visto por última vez | Número de copia | Precio válido a partir de | Tipo de ítem Koha |
|---|---|---|---|---|---|---|---|---|---|---|---|---|---|---|---|---|
| El ejemplar forma parte de la colección y puede ser consultado según las políticas vigentes. | Library of Congress Classification | Fondo Contemporáneo | Biblioteca del Museo Franz Mayer (Rogerio Casas-Alatriste) | Biblioteca del Museo Franz Mayer (Rogerio Casas-Alatriste) | 14/07/2023 | Donación | PC4065 C65 2023 | CONT10049 | 14/07/2023 | 1 | 14/07/2023 | Libros | ||||
| El ejemplar forma parte de la colección y puede ser consultado según las políticas vigentes. | Library of Congress Classification | Fondo Contemporáneo | Biblioteca del Museo Franz Mayer (Rogerio Casas-Alatriste) | Biblioteca del Museo Franz Mayer (Rogerio Casas-Alatriste) | 11/10/2023 | PC4065 C65 2023 | CONT10238 | 11/10/2023 | 11/10/2023 | Libros |